Wool handbook; (Record no. 6332)
[ view plain ]
| 000 -LEADER | |
|---|---|
| fixed length control field | 00836nac a22002171u 4500 |
| 010 ## - LIBRARY OF CONGRESS CONTROL NUMBER | |
| LC control number | 63011600 |
| 082 00 - DEWEY DECIMAL CLASSIFICATION NUMBER | |
| Classification number | 677.3 |
| Item number | VON |
| 090 ## - LOCALLY ASSIGNED LC-TYPE CALL NUMBER (OCLC); LOCAL CALL NUMBER (OCLC) | |
| -- | 6332 |
| -- | 6332 |
| 100 ## - MAIN ENTRY--PERSONAL NAME | |
| Personal name | Von Bergen, Werner, |
| 245 10 - TITLE STATEMENT | |
| Title | Wool handbook; |
| Remainder of title | a text and reference book for the entire wool industry / |
| Statement of responsibility, etc | prepared by a staff of specialists under the editorship of Werner von Bergen. |
| 250 ## - EDITION STATEMENT | |
| Edition statement | 3d enl. ed. |
| 260 ## - PUBLICATION, DISTRIBUTION, ETC. (IMPRINT) | |
| Place of publication, distribution, etc | New York: |
| Name of publisher, distributor, etc | Interscience Publishers,c.[1963]. |
| Date of publication, distribution, etc | c.[1963]. |
| 300 ## - PHYSICAL DESCRIPTION | |
| Extent | v. |
| Other physical details | illus. |
| Dimensions | 24 cm. |
| 500 ## - GENERAL NOTE | |
| General note | First edition published in 1938 under title: American wool handbook. |
| 500 ## - GENERAL NOTE | |
| General note | Distributer: Al-Ahram. |
| 511 ## - PARTICIPANT OR PERFORMER NOTE | |
| Participant or performer note | Catalogued By: Mahitab. |
| 650 #0 - SUBJECT ADDED ENTRY--TOPICAL TERM | |
| Topical term or geographic name as entry element | Wool industry. |
| 650 #0 - SUBJECT ADDED ENTRY--TOPICAL TERM | |
| Topical term or geographic name as entry element | Wool |
| Geographic subdivision | United States. |
| 942 ## - ADDED ENTRY ELEMENTS (KOHA) | |
| Item type | NB - Book (Non borrowing) |
| Call number prefix | 677.3VON |
| Withdrawn status | Item status | Damaged status | Not for loan | Home library | Current library | Shelving location | Date acquired | Source of acquisition | Total Checkouts | Full call number | Barcode | Date last seen | Koha item type |
|---|---|---|---|---|---|---|---|---|---|---|---|---|---|
| Central Library | Central Library | First floor | 21/11/2007 | Purchase | 677.3VON | 000007659 | 15/07/2025 | NB - Book (Non borrowing) | |||||
| Central Library | Central Library | First floor | 21/11/2007 | Purchase | 677.3VON | 000007894 | 15/07/2025 | NB - Book (Non borrowing) |